[Event "SVK-chT3B2 2122"]
[Site "Slovakia"]
[Date "2022.04.10"]
[Round "8.4"]
[White "Danko, Frantisek"]
[Black "Tomko, Michal"]
[Result "0-1"]
[WhiteElo "1686"]
[BlackElo "1757"]
[PlyCount "124"]
[EventDate "2021.10.24"]
[EventType "team-tourn"]
[EventRounds "11"]
[EventCountry "SVK"]
[SourceTitle "EXT 2024"]
[Source "ChessBase"]
[SourceDate "2023.10.10"]
[SourceVersion "1"]
[SourceVersionDate "2023.10.10"]
[SourceQuality "1"]
[WhiteTeam "Handlova"]
[BlackTeam "Dubnica nad Vahom IV"]
[WhiteTeamCountry "SVK"]
[BlackTeamCountry "SVK"]

1. e4 d5 2. exd5 Qxd5 3. Nc3 Qa5 4. d4 c6 5. Nf3 Bg4 6. Be2 Nf6 7. h3 Bxf3 8. Bxf3 e6 9. 0-0 Be7 10. a3 Qc7 11. Be3 Nbd7 12. Qd2 0-0 13. Rfd1 Rad8 14. Qe2 Nb6 15. Ne4 Nbd5 16. Nxf6+ Bxf6 17. Bxd5 Rxd5 18. c3 Rfd8 19. Rd2 Qe7 20. Rad1 Bg5 21. f4 Bf6 22. Qf3 g6 23. g4 Bg7 24. Qf2 Bf6 25. g5 Bg7 26. h4 Rf5 27. Qg3 Qc7 28. Rf1 Qa5 29. Rh2 Qd5 30. h5 b6 31. Qf3 Kf8 32. hxg6 hxg6 33. Qxd5 Rfxd5 34. Rff2 Kg8 35. Re2 Bf8 36. Rh3 Rf5 37. Rf3 Be7 38. Kg2 Kg7 39. Rh3 Bd6 40. Rh4 Rh8 41. Rxh8 Kxh8 42. Kf3 Kg7 43. c4 Be7 44. Rg2 f6 45. gxf6+ Bxf6 46. Ke4 Ra5 47. Rd2 Kf7 48. d5 exd5+ 49. cxd5 cxd5+ 50. Rxd5 Rxd5 51. Kxd5 Bxb2 52. a4 Kf6 53. Kc6 Ba3 54. Kb5 Bc5 55. Bd2 Kf5 56. a5 Bd6 57. Be3 bxa5 58. Kxa5 Bxf4 59. Bxa7 Ke4 60. Bf2 g5 61. Kb5 Kf3 62. Bc5 g4 0-1

[Event "SVK-chT3B2 1920"]
[Site "Slovakia"]
[Date "2019.11.03"]
[Round "3.3"]
[White "Jurik, Karol"]
[Black "Danko, Frantisek"]
[Result "1/2-1/2"]
[WhiteElo "1795"]
[BlackElo "1758"]
[PlyCount "32"]
[EventDate "2019.10.06"]
[EventType "team-tourn"]
[EventRounds "11"]
[EventCountry "SVK"]
[SourceTitle "CBM 193 Extra"]
[Source "ChessBase"]
[SourceDate "2020.01.31"]
[SourceVersion "1"]
[SourceVersionDate "2020.01.31"]
[SourceQuality "1"]
[WhiteTeam "Lehota pod Vtacnikom"]
[BlackTeam "Handlova"]
[WhiteTeamCountry "SVK"]
[BlackTeamCountry "SVK"]

1. Nf3 Nf6 2. d4 d5 3. Bf4 Bf5 4. e3 e6 5. Bd3 Bxd3 6. cxd3 c6 7. 0-0 Be7 8. h3 0-0 9. Nbd2 Nbd7 10. a3 Qb6 11. Qb3 Qxb3 12. Nxb3 b6 13. Rfc1 Rac8 14. Rc2 c5 15. Rac1 Rc6 16. dxc5 bxc5 1/2-1/2

[Event "SVK-chT3B2 1819"]
[Site "Slovakia"]
[Date "2019.02.24"]
[Round "8.4"]
[White "Duda, Daniel"]
[Black "Danko, Frantisek"]
[Result "0-1"]
[WhiteElo "1468"]
[BlackElo "1816"]
[PlyCount "164"]
[EventDate "2018.10.21"]
[EventType "team-tourn"]
[EventRounds "11"]
[EventCountry "SVK"]
[SourceTitle "CBM 189 Extra"]
[Source "ChessBase"]
[SourceDate "2019.06.03"]
[SourceVersion "1"]
[SourceVersionDate "2019.06.03"]
[SourceQuality "1"]
[WhiteTeam "Dubnica nad Vahom IV"]
[BlackTeam "Handlova"]
[WhiteTeamCountry "SVK"]
[BlackTeamCountry "SVK"]

1. d4 d5 2. Nf3 Nf6 3. Bg5 e6 4. c3 Be7 5. e3 Nbd7 6. Nbd2 c5 7. Qc2 c4 8. e4 Nxe4 9. Bxe7 Qxe7 10. Nxe4 dxe4 11. Qxe4 Nf6 12. Qe5 0-0 13. Bxc4 Nd7 14. Qe4 Nf6 15. Qd3 a6 16. 0-0 b5 17. Bb3 Bb7 18. Bc2 g6 19. Rae1 Qc7 20. h3 Bd5 21. b3 Rac8 22. Re3 Bb7 23. Qd2 Nd5 24. Rd3 Nf4 25. Re3 Nd5 26. Re5 Qd7 27. Qh6 f6 28. Re3 Nxe3 29. Qxe3 Rce8 30. Nh2 e5 31. dxe5 Rxe5 32. Qc1 Rg5 33. Ng4 Rc5 34. Qe3 Qc6 35. f3 Rxc3 36. Bd3 Qc5 37. Bc4+ Rxc4 38. bxc4 Qxe3+ 39. Nxe3 Re8 40. Kf2 bxc4 41. Nxc4 Bd5 42. Nd6 Re6 43. Ne4 Bxe4 44. fxe4 Rxe4 45. Kf3 Ra4 46. Rf2 Kf7 47. Re2 h5 48. g3 g5 49. Rc2 Kg6 50. Rd2 h4 51. gxh4 Rxh4 52. Kg3 Ra4 53. Rc2 a5 54. Rb2 Kh5 55. Rf2 Kg6 56. Rd2 Ra3+ 57. Kg2 a4 58. Rf2 f5 59. Rd2 f4 60. Rf2 Kh5 61. Rc2 Kh4 62. Rc8 Rg3+ 63. Kf2 Kxh3 64. Rg8 Kg4 65. Rb8 Rh3 66. Kg2 Rc3 67. Rb2 Kh4 68. Kf1 g4 69. Rb4 Rf3+ 70. Kg2 a3 71. Rb1 Rc3 72. Rh1+ Kg5 73. Rb1 Rc2+ 74. Kh1 Rxa2 75. Rb5+ Kh4 76. Rb3 f3 77. Kg1 Rg2+ 78. Kh1 Ra2 79. Kg1 Kg3 80. Rb1 Rb2 81. Ra1 a2 82. Rf1 Rb1 0-1

[Event "SVK-chT3B2 1819"]
[Site "Slovakia"]
[Date "2018.12.09"]
[Round "4.3"]
[White "Danko, Frantisek"]
[Black "Horvath, Alojz"]
[Result "1-0"]
[WhiteElo "1827"]
[BlackElo "1674"]
[PlyCount "41"]
[EventDate "2018.10.21"]
[EventType "team-tourn"]
[EventRounds "11"]
[EventCountry "SVK"]
[SourceTitle "CBM 189 Extra"]
[Source "ChessBase"]
[SourceDate "2019.06.03"]
[SourceVersion "1"]
[SourceVersionDate "2019.06.03"]
[SourceQuality "1"]
[WhiteTeam "Handlova"]
[BlackTeam "Nemsova Horne Srnie"]
[WhiteTeamCountry "SVK"]
[BlackTeamCountry "SVK"]

1. e4 c5 2. Nf3 Nc6 3. d4 cxd4 4. Nxd4 d6 5. Nc3 g6 6. Be3 Nf6 7. Be2 Bg7 8. h3 0-0 9. Qd2 a6 10. g4 Nd7 11. 0-0-0 Nxd4 12. Bxd4 Bxd4 13. Qxd4 Qb6 14. Nd5 Qd8 15. f4 b5 16. Bf3 Rb8 17. h4 Bb7 18. h5 Bxd5 19. hxg6 f6 20. Qxd5+ Kg7 21. Rxh7+ 1-0

[Event "SVK-chT3B2 1718"]
[Site "Slovakia"]
[Date "2018.02.18"]
[Round "9.3"]
[White "Danko, Frantisek"]
[Black "Huliak, Pavol"]
[Result "1/2-1/2"]
[WhiteElo "1818"]
[BlackElo "1930"]
[PlyCount "22"]
[EventDate "2017.10.08"]
[EventType "team-tourn"]
[EventRounds "11"]
[EventCountry "SVK"]
[SourceTitle "EXT 2020"]
[Source "ChessBase"]
[SourceDate "2019.10.17"]
[SourceVersion "1"]
[SourceVersionDate "2019.10.17"]
[SourceQuality "1"]
[WhiteTeam "Handlova"]
[BlackTeam "Bojnice"]
[WhiteTeamCountry "SVK"]
[BlackTeamCountry "SVK"]

1. e4 e5 2. Nf3 Nc6 3. Bb5 Bc5 4. c3 Qe7 5. Qe2 Bb6 6. d3 h6 7. Be3 Nf6 8. h3 0-0 9. Nbd2 Bxe3 10. Qxe3 Nd8 11. 0-0 d6 1/2-1/2

[Event "SVK-ch Seniors 50"]
[Site "Tatranske Matliare"]
[Date "2017.05.30"]
[Round "5"]
[White "Prucek, Ladislav"]
[Black "Danko, Frantisek"]
[Result "1-0"]
[WhiteElo "1906"]
[BlackElo "1834"]
[PlyCount "65"]
[EventDate "2017.05.27"]
[EventType "swiss"]
[EventRounds "9"]
[EventCountry "SVK"]
[SourceTitle "EXT 2023"]
[Source "ChessBase"]
[SourceDate "2022.10.05"]
[SourceVersion "1"]
[SourceVersionDate "2022.10.05"]
[SourceQuality "1"]

1. e4 c5 2. Nf3 d6 3. c3 g6 4. Bb5+ Bd7 5. Qb3 Bxb5 6. Qxb5+ Qd7 7. Qe2 e6 8. 0-0 Bg7 9. d4 Ne7 10. Be3 cxd4 11. cxd4 0-0 12. Nc3 a6 13. Rfd1 Rc8 14. Qd2 b5 15. a3 Qe8 16. Bh6 Ra7 17. Bxg7 Kxg7 18. Qf4 Rd7 19. h4 h5 20. Rac1 Qd8 21. g4 hxg4 22. Qxg4 Ng8 23. e5 d5 24. h5 Nh6 25. Qg2 Nf5 26. hxg6 fxg6 27. Ng5 Re7 28. Ne2 Nc6 29. Rc3 Qe8 30. Rdc1 Na7 31. Qh3 Rxc3 32. Qh7+ Kf8 33. Qh8# 1-0

[Event "SVK-ch Seniors 50"]
[Site "Tatranske Matliare"]
[Date "2017.05.28"]
[Round "3"]
[White "Danko, Frantisek"]
[Black "Topolovsky, Vincent"]
[Result "1-0"]
[WhiteElo "1834"]
[BlackElo "1933"]
[PlyCount "111"]
[EventDate "2017.05.27"]
[EventType "swiss"]
[EventRounds "9"]
[EventCountry "SVK"]
[SourceTitle "EXT 2023"]
[Source "ChessBase"]
[SourceDate "2022.10.05"]
[SourceVersion "1"]
[SourceVersionDate "2022.10.05"]
[SourceQuality "1"]

1. e4 e6 2. d4 d5 3. e5 c5 4. c3 Nc6 5. Nf3 Qb6 6. a3 a5 7. Bd3 c4 8. Bc2 Nh6 9. Nbd2 Qc7 10. Nf1 b5 11. Ng3 f5 12. exf6 gxf6 13. 0-0 Ng8 14. Nh4 Qf7 15. Re1 Kd8 16. Qf3 Ra7 17. Nh5 Bd6 18. Bf4 e5 19. dxe5 fxe5 20. Bg5+ Ke8 21. Bf6 Bg4 22. Qxg4 Nxf6 23. Nxf6+ Qxf6 24. Nf5 Bc5 25. Re2 Kd8 26. Rae1 Rf8 27. Qh4 Qxh4 28. Nxh4 e4 29. Rd1 Rd7 30. g3 Kc7 31. Ng2 Ne5 32. Nf4 Kc6 33. Ne6 Rf6 34. Nxc5 Kxc5 35. Bxe4 dxe4 36. Rxd7 Nxd7 37. Rxe4 Rf7 38. f4 a4 39. h3 Kd5 40. Rd4+ Kc6 41. Kg2 Nc5 42. Kf3 Nd3 43. g4 Nxb2 44. f5 Nd3 45. Re4 Nc5 46. Re8 Nd7 47. Re6+ Kc7 48. Kf4 Nf8 49. Ra6 Rd7 50. Ra8 Rd3 51. Rxf8 Rxc3 52. f6 Rxa3 53. f7 Ra1 54. Rc8+ Kxc8 55. f8Q+ Kb7 56. Qg7+ 1-0

[Event "SVK-chT3B2 1617"]
[Site "Slovakia"]
[Date "2017.02.19"]
[Round "8.5"]
[White "Lukac, Jozef"]
[Black "Danko, Frantisek"]
[Result "1-0"]
[WhiteElo "1565"]
[BlackElo "1813"]
[PlyCount "88"]
[EventDate "2016.10.16"]
[EventType "team-tourn"]
[EventRounds "11"]
[EventCountry "SVK"]
[SourceTitle "EXT 2018"]
[Source "ChessBase"]
[SourceDate "2017.10.13"]
[SourceVersion "1"]
[SourceVersionDate "2017.10.13"]
[SourceQuality "1"]
[WhiteTeam "Lehota pod Vtacnikom"]
[BlackTeam "Handlova"]
[WhiteTeamCountry "SVK"]
[BlackTeamCountry "SVK"]

1. e4 e6 2. d4 d5 3. exd5 exd5 4. Nf3 Nf6 5. Bg5 Be7 6. Bd3 Bg4 7. Nbd2 0-0 8. c3 Re8 9. 0-0 Ne4 10. Bxe7 Rxe7 11. Qc2 Bxf3 12. Nxf3 Nf6 13. Rfe1 Nbd7 14. Rxe7 Qxe7 15. Re1 Qf8 16. Ng5 g6 17. h3 Re8 18. Rxe8 Qxe8 19. Qe2 Qxe2 20. Bxe2 h6 21. Nf3 Kf8 22. Ne5 Ke7 23. Nxd7 Kxd7 24. f3 Kd6 25. Kf2 b6 26. b4 Nd7 27. Ke3 g5 28. f4 c5 29. a4 f6 30. f5 Kc7 31. Bb5 Nb8 32. dxc5 a6 33. cxb6+ Kxb6 34. Be8 Kc7 35. Kd4 Kd6 36. b5 Ke7 37. bxa6 Nxa6 38. Bc6 Kd6 39. Bxd5 h5 40. g4 hxg4 41. hxg4 Nc5 42. a5 Na6 43. Bb7 Nc5 44. a6 Na4 1-0

[Event "SVK-chT3B2 1516"]
[Site "Slovakia"]
[Date "2016.03.20"]
[Round "10.3"]
[White "Danko, Frantisek"]
[Black "Belak, Stefan"]
[Result "1/2-1/2"]
[WhiteElo "1822"]
[BlackElo "1938"]
[PlyCount "47"]
[EventDate "2015.10.11"]
[EventType "team-tourn"]
[EventRounds "11"]
[EventCountry "SVK"]
[SourceTitle "EXT 2017"]
[Source "ChessBase"]
[SourceDate "2016.10.25"]
[SourceVersion "1"]
[SourceVersionDate "2016.10.25"]
[SourceQuality "1"]
[WhiteTeam "Handlova"]
[BlackTeam "Povazska Bystrica III"]
[WhiteTeamCountry "SVK"]
[BlackTeamCountry "SVK"]

1. e4 e6 2. d4 d5 3. exd5 exd5 4. Bd3 Nc6 5. c3 Bd6 6. Nf3 Bg4 7. 0-0 Qd7 8. b4 Nge7 9. Bg5 f6 10. Bh4 Ng6 11. Bg3 Nce7 12. Nbd2 Nf4 13. Bxf4 Bxf4 14. Qc2 Bf5 15. Bxf5 Qxf5 16. Qxf5 Nxf5 17. g3 Bd6 18. Rfe1+ Kf7 19. Kf1 Rhe8 20. Rxe8 Rxe8 21. Re1 b5 22. Rxe8 Kxe8 23. Ke2 c6 24. Nb3 1/2-1/2

[Event "SVK-chT3B2 1516"]
[Site "Slovakia"]
[Date "2016.02.07"]
[Round "7.4"]
[White "Bezak, Radovan"]
[Black "Danko, Frantisek"]
[Result "0-1"]
[WhiteElo "1659"]
[BlackElo "1822"]
[PlyCount "94"]
[EventDate "2015.10.11"]
[EventType "team-tourn"]
[EventRounds "11"]
[EventCountry "SVK"]
[SourceTitle "CBM 170 Extra"]
[Source "ChessBase"]
[SourceDate "2016.02.25"]
[SourceVersion "1"]
[SourceVersionDate "2016.02.25"]
[SourceQuality "1"]
[WhiteTeam "Chynorany"]
[BlackTeam "Handlova"]
[WhiteTeamCountry "SVK"]
[BlackTeamCountry "SVK"]

1. d4 Nf6 2. c4 g6 3. Bg5 Bg7 4. e3 0-0 5. Nc3 d6 6. Nf3 c6 7. Be2 Nbd7 8. 0-0 c5 9. Rc1 b6 10. Qc2 Bb7 11. d5 Bc8 12. b3 Re8 13. e4 Ng4 14. h3 Nge5 15. Nxe5 Nxe5 16. f4 Nd7 17. f5 h6 18. fxg6 fxg6 19. Be3 Ne5 20. Qd2 Kh7 21. Bf4 Rf8 22. Bxe5 Bxe5 23. Bd3 Bd7 24. Ne2 Rxf1+ 25. Rxf1 Qg8 26. Kh1 Rf8 27. Ng1 Rxf1 28. Bxf1 Qf7 29. Nf3 Qf6 30. Nxe5 Qxf1+ 31. Kh2 dxe5 32. b4 Qf4+ 33. Qxf4 exf4 34. b5 Kg7 35. e5 g5 36. g3 fxg3+ 37. Kxg3 Kg6 38. h4 Kf5 39. e6 Be8 40. Kf3 Bh5+ 41. Ke3 Ke5 42. a3 g4 43. a4 Bg6 44. Kf2 Kf4 45. Ke2 h5 46. Kf2 Ke5 47. Ke3 Bc2 0-1

[Event "SVK-chT3B2 1516"]
[Site "Slovakia"]
[Date "2016.01.10"]
[Round "5.4"]
[White "Zahorcek, Jakub"]
[Black "Danko, Frantisek"]
[Result "0-1"]
[WhiteElo "1500"]
[BlackElo "1822"]
[PlyCount "110"]
[EventDate "2015.10.11"]
[EventType "team-tourn"]
[EventRounds "11"]
[EventCountry "SVK"]
[SourceTitle "CBM 170 Extra"]
[Source "ChessBase"]
[SourceDate "2016.02.25"]
[SourceVersion "1"]
[SourceVersionDate "2016.02.25"]
[SourceQuality "1"]
[WhiteTeam "Dubnica nad Vahom IV"]
[BlackTeam "Handlova"]
[WhiteTeamCountry "SVK"]
[BlackTeamCountry "SVK"]

1. e4 e6 2. Nf3 d5 3. exd5 exd5 4. d4 Bd6 5. Bg5 f6 6. Be3 Ne7 7. Bd3 Bg4 8. h3 Bh5 9. Nbd2 Bg6 10. Bxg6+ Nxg6 11. 0-0 0-0 12. Re1 Qd7 13. c3 c6 14. Nb3 b6 15. Qd3 a5 16. a4 Na6 17. Rad1 Nc7 18. c4 dxc4 19. Qxc4+ Nd5 20. Rc1 Nge7 21. Nfd2 Kh8 22. Ne4 Bb4 23. Bd2 Rac8 24. Bxb4 Nxb4 25. Nbd2 Ned5 26. b3 Rfd8 27. Nf3 Nf4 28. Rcd1 Qd5 29. Ned2 Nfd3 30. Re3 Nb2 31. Qxd5 Nxd5 32. Rde1 Nxe3 33. Rxe3 b5 34. axb5 cxb5 35. Kf1 a4 36. bxa4 bxa4 37. g3 Kg8 38. Ra3 Rb8 39. Ra2 Rdc8 40. Ne1 Rc1 41. Ke2 Re8+ 42. Kf3 Rc3+ 43. Kg2 Rxe1 44. Rxb2 Kf7 45. Ra2 a3 46. h4 h5 47. Nf3 Rec1 48. d5 R1c2 49. Ra1 a2 50. Nd4 Rb2 51. d6 Rd3 52. Nf5 Rdd2 53. Re1 Rxf2+ 54. Kg1 Rxf5 55. d7 Rd5 0-1

[Event "SVK-chT3B2 1516"]
[Site "Slovakia"]
[Date "2015.11.15"]
[Round "2.3"]
[White "Rucek, Peter"]
[Black "Danko, Frantisek"]
[Result "0-1"]
[WhiteElo "1845"]
[BlackElo "1822"]
[PlyCount "50"]
[EventDate "2015.10.11"]
[EventType "team-tourn"]
[EventRounds "11"]
[EventCountry "SVK"]
[SourceTitle "CBM 170 Extra"]
[Source "ChessBase"]
[SourceDate "2016.02.25"]
[SourceVersion "1"]
[SourceVersionDate "2016.02.25"]
[SourceQuality "1"]
[WhiteTeam "Belusa"]
[BlackTeam "Handlova"]
[WhiteTeamCountry "SVK"]
[BlackTeamCountry "SVK"]

1. e4 e6 2. d4 d5 3. e5 c5 4. c3 Nc6 5. Nf3 Qb6 6. Be2 cxd4 7. cxd4 Nge7 8. b3 Nf5 9. Bb2 Bb4+ 10. Nbd2 Nfxd4 11. 0-0 Nxf3+ 12. Nxf3 0-0 13. Qc2 Bd7 14. Ng5 g6 15. h4 Be7 16. Qc1 Rac8 17. Qf4 Qb4 18. Qg3 Qd2 19. Bf3 Qxb2 20. h5 Qxe5 21. Nh3 Qxg3 22. fxg3 Ne5 23. Be2 Rc2 24. Rae1 Nc6 25. Rf2 Bc5 0-1

[Event "SVK-chT3B2 1314"]
[Site "Slovakia"]
[Date "2014.02.16"]
[Round "8.1"]
[White "Mysiak, Juraj"]
[Black "Danko, Frantisek"]
[Result "1/2-1/2"]
[WhiteElo "1823"]
[BlackElo "1874"]
[PlyCount "62"]
[EventDate "2013.10.13"]
[EventType "team-tourn"]
[EventRounds "14"]
[EventCountry "SVK"]
[SourceTitle "EXT 2015"]
[Source "ChessBase"]
[SourceDate "2014.11.20"]
[SourceVersion "1"]
[SourceVersionDate "2014.11.20"]
[SourceQuality "1"]
[WhiteTeam "Povazska Bystrica SK Sparta II"]
[BlackTeam "Handlova"]
[WhiteTeamCountry "SVK"]
[BlackTeamCountry "SVK"]

1. b3 d5 2. Bb2 Nf6 3. e3 Nc6 4. Nf3 Bg4 5. Be2 e6 6. 0-0 Bd6 7. h3 Bxf3 8. Bxf3 0-0 9. c4 Ne5 10. Be2 c6 11. d4 Ng6 12. c5 Bc7 13. Nd2 Ba5 14. Nf3 Ne4 15. Bd3 f5 16. g3 Ne7 17. a3 Qe8 18. b4 Bc7 19. a4 b6 20. Rc1 bxc5 21. dxc5 a6 22. Rb1 Qg6 23. Ne5 Bxe5 24. Bxe5 Qf7 25. Qe2 Ng6 26. Ba1 Qc7 27. Bxa6 Nxg3 28. fxg3 Rxa6 29. Qxa6 Qxg3+ 30. Kh1 Qxh3+ 31. Kg1 Qg3+ 1/2-1/2

[Event "SVK-chT3B2 1314"]
[Site "Slovakia"]
[Date "2014.02.02"]
[Round "7.3"]
[White "Danko, Frantisek"]
[Black "Michalek, Matej"]
[Result "0-1"]
[WhiteElo "1874"]
[BlackElo "1914"]
[PlyCount "82"]
[EventDate "2013.10.13"]
[EventType "team-tourn"]
[EventRounds "14"]
[EventCountry "SVK"]
[SourceTitle "EXT 2015"]
[Source "ChessBase"]
[SourceDate "2014.11.20"]
[SourceVersion "1"]
[SourceVersionDate "2014.11.20"]
[SourceQuality "1"]
[WhiteTeam "Handlova"]
[BlackTeam "Povazska Bystrica SK Sparta II"]
[WhiteTeamCountry "SVK"]
[BlackTeamCountry "SVK"]

1. e4 e6 2. d4 d5 3. e5 c5 4. Nf3 Nc6 5. c3 a6 6. Bd3 b5 7. 0-0 Qb6 8. Be3 c4 9. Bc2 Bd7 10. a3 a5 11. Nbd2 Nge7 12. Qe2 Rb8 13. Ng5 h6 14. Nh7 b4 15. axb4 axb4 16. Rac1 bxc3 17. bxc3 Qa5 18. Nxf8 Kxf8 19. Bb1 Rb2 20. Qe1 g6 21. Nf3 Kg7 22. Bd2 Rhb8 23. Qe3 Ng8 24. g4 Na7 25. h4 Nb5 26. Bc2 Na3 27. Bd1 Nb1 28. Bc2 Nxd2 29. Nxd2 Ra2 30. Bb1 Ra3 31. Nf3 Rbb3 32. Kg2 Rxc3 33. Rxc3 Qxc3 34. Qe2 Ba4 35. Rh1 Rb3 36. h5 Rb2 37. Qf1 Bc2 38. Bxc2 Qxc2 39. hxg6 Qxg6 40. Rh3 Rb1 41. Ne1 Qe4+ 0-1

[Event "SVK-chT2B 1314"]
[Site "Slovakia"]
[Date "2013.10.20"]
[Round "2.6"]
[White "Sabik, Robert"]
[Black "Danko, Frantisek"]
[Result "1-0"]
[WhiteElo "1951"]
[BlackElo "1874"]
[PlyCount "61"]
[EventDate "2013.10.19"]
[EventType "team-tourn"]
[EventRounds "11"]
[EventCountry "SVK"]
[SourceTitle "EXT 2015"]
[Source "ChessBase"]
[SourceDate "2014.11.20"]
[SourceVersion "1"]
[SourceVersionDate "2014.11.20"]
[SourceQuality "1"]
[WhiteTeam "Topolcianky"]
[BlackTeam "Bojnice"]
[WhiteTeamCountry "SVK"]
[BlackTeamCountry "SVK"]

1. d4 Nf6 2. Nf3 g6 3. c4 Bg7 4. Nc3 d6 5. e4 0-0 6. Be2 e5 7. Be3 exd4 8. Nxd4 Nbd7 9. f3 a6 10. Qd2 Re8 11. 0-0-0 Nf8 12. g4 Ne6 13. Nc2 b6 14. h4 h5 15. gxh5 Nxh5 16. Rdg1 Be5 17. Nd5 Ng3 18. h5 Nxh1 19. f4 Bxf4 20. Bxf4 Qh4 21. hxg6 f6 22. Qc3 Nxf4 23. Nxf6+ Kf8 24. Nh7+ Ke7 25. Qg7+ Kd8 26. Bf3 Ng3 27. Nd4 Bb7 28. Nf6 Nd3+ 29. Kb1 Ne5 30. Ne6+ Rxe6 31. Qf8+ 1-0